000 01043cam a2200385 a 4500
001 14307
003 DO-SdBNP
005 20160517153745.0
007 14307
008 060321s2006 nyua 000 0 eng d
010 _a
020 _a0809057387
020 _a0809057395 (pbk.)
020 _a9780809057382
020 _a
_c
035 _a
040 _aBPMSU
_cspa
_dBPMSU
041 _aspa
_deng
042 _a
043 _a
050 0 0 _a
_b
082 0 0 _a
_2
100 1 _aJacobson, Sidney.
245 1 4 _aThe 9/11 report :
_ba graphic adaptation /
_c Sid Jacobson and Ernie Colón ; [with a foreword by Thomas H. Kean and Lee H. Hamilton].
250 _a
260 _aNew York :
_bHill and Wang,
_c 2006.
300 _ax, 117 p. :
_bil ;
_c24 cm.
500 _a
700 1 _aColón, Ernie.
700 1 _aKean, Thomas H.
700 1 _aHamilton, Lee.
710 2 _aNational Commission on Terrorist Attacks upon the United States.
942 _2ddc
_cBK
956 _aVMATEO
_b10
_c20160517
_dBPMSU
_f0069
999 _c10155
_d10155